Govt. of
Madhya Pradesh

Normal view MARC view

Entry Personal Name

Number of records used in: 1

001 - CONTROL NUMBER

  • control field: 29672

003 - CONTROL NUMBER IDENTIFIER

  • control field: OSt

005 - DATE AND TIME OF LATEST TRANSACTION

  • control field: 20160108132806.0

008 - FIXED-LENGTH DATA ELEMENTS

  • fixed length control field: 160108|| aca||aabn | a|a d

040 ## - CATALOGING SOURCE

  • Original cataloging agency: OSt
  • Transcribing agency: OSt

100 ## - HEADING--PERSONAL NAME

  • Personal name: Procter, Father

670 ## - SOURCE DATA FOUND

  • Source citation: Work cat.: (OSt)38360: Procter, Father, Short Lives of the Dominican Saints, 1901